[Event "KM WGP 2016"]
[Site "Khanty-Mansiysk RUS"]
[Date "2016.11.19"]
[Round "1.1"]
[White "Gunina, Valentina"]
[Black "Javakhishvili, Lela"]
[Result "1-0"]
[WhiteTitle "GM"]
[BlackTitle "IM"]
[WhiteElo "2525"]
[BlackElo "2461"]
[WhiteFideId "4167570"]
[BlackFideId "13601458"]
[EventDate "2016.11.19"]

1. d4 Nf6 2. c4 e6 3. Nf3 d5 4. g3 dxc4 5. Bg2 Bb4+ 6. Bd2 c5 7. dxc5 Bxc5 8.
Qa4+ Nbd7 9. Qxc4 b5 10. Qd3 Bb7 11. b4 Be7 12. Qxb5 Rb8 13. Qa4 O-O 14. O-O Nb6
15. Qxa7 Nfd5 16. Nc3 Nxb4 17. Rab1 Bc6 18. Bg5 Bxg5 19. Rxb4 Bf6 20. Rd1 Nd5
21. Rxb8 Qxb8 22. Qxb8 Rxb8 23. Ne4 Be7 24. Ne5 Ba4 25. Rc1 Ba3 26. Re1 Rb2 27.
Ng5 Nc3 28. Bf3 f6 29. Rc1 Rb1 30. Rxb1 Nxb1 31. Be4 Nc3 32. Bxh7+ Kf8 33. Ng6+
Ke8 34. Nxe6 Nxe2+ 35. Kf1 Nc3 36. Bg8 Bb5+ 37. Kg2 Bc6+ 38. f3 Kd7 39. Nxg7 Bb5
40. h4 Bd3 41. h5 Bb1 42. Bf7 Bc1 43. f4 Be4+ 44. Kh3 Ne2 45. h6 Ng1+ 46. Kh4
Nf3+ 47. Kh5 1-0

[Event "KM WGP 2016"]
[Site "Khanty-Mansiysk RUS"]
[Date "2016.11.19"]
[Round "1.3"]
[White "Khademalsharieh, Sarasadat"]
[Black "Harika, Dronavalli"]
[Result "1/2-1/2"]
[WhiteTitle "IM"]
[BlackTitle "GM"]
[WhiteElo "2435"]
[BlackElo "2543"]
[WhiteFideId "12512214"]
[BlackFideId "5015197"]
[EventDate "2016.11.19"]

1. d4 e6 2. c4 Nf6 3. Nf3 d5 4. Nc3 c6 5. Bg5 h6 6. Bxf6 Qxf6 7. e3 g6 8. Be2
Bg7 9. Rc1 O-O 10. O-O Nd7 11. cxd5 exd5 12. b4 a6 13. Qb3 Qd6 14. a4 Nf6 15. b5
axb5 16. axb5 Be6 17. bxc6 bxc6 18. Ne5 Rfb8 19. Qc2 Nd7 20. Nxd7 Bxd7 21. Na4
Bf5 22. Qd1 Bf8 23. Nc5 Qf6 24. Bd3 Bxc5 25. Rxc5 Bd7 26. Qd2 Kg7 27. Rfc1 Rb6
28. h3 Rab8 29. Qe2 Rb2 30. R5c2 R2b6 31. Rc5 1/2-1/2

[Event "KM WGP 2016"]
[Site "Khanty-Mansiysk RUS"]
[Date "2016.11.19"]
[Round "1.4"]
[White "Batsiashvili, Nino"]
[Black "Khotenashvili, Bela"]
[Result "1-0"]
[WhiteTitle "IM"]
[BlackTitle "GM"]
[WhiteElo "2489"]
[BlackElo "2426"]
[WhiteFideId "13602993"]
[BlackFideId "13602640"]
[EventDate "2016.11.19"]

1. d4 Nf6 2. c4 g6 3. Nc3 d5 4. cxd5 Nxd5 5. e4 Nxc3 6. bxc3 Bg7 7. Nf3 c5 8.
Be3 Qa5 9. Nd2 cxd4 10. Nc4 Qd8 11. cxd4 O-O 12. Rb1 Nc6 13. d5 Ne5 14. f4 Ng4
15. Bd4 e5 16. fxe5 Nxe5 17. Nxe5 Qh4+ 18. Bf2 Qxe4+ 19. Be2 Qxg2 20. Rg1 Qxh2
21. Ng4 Bc3+ 22. Kf1 Qh3+ 23. Rg2 h5 24. Nh2 Bf5 25. Rb3 Be4 26. Bf3 Bxf3 27.
Qxf3 Qxf3 28. Nxf3 Bf6 29. d6 b6 30. d7 Rfd8 31. Rd3 Rab8 32. Bg3 Rb7 33. Rgd2
Kg7 34. Be5 b5 35. Rd6 Bxe5 36. Nxe5 b4 37. Nc6 1-0

[Event "KM WGP 2016"]
[Site "Khanty-Mansiysk RUS"]
[Date "2016.11.19"]
[Round "1.5"]
[White "Pogonina, Natalija"]
[Black "Girya, Olga"]
[Result "0-1"]
[WhiteTitle "WGM"]
[BlackTitle "WGM"]
[WhiteElo "2492"]
[BlackElo "2450"]
[WhiteFideId "4147855"]
[BlackFideId "4195752"]
[EventDate "2016.11.19"]

1. d4 d5 2. c4 c6 3. e3 Bf5 4. Nc3 e6 5. Bd3 Bg6 6. Nge2 Nf6 7. O-O Bd6 8. h3
O-O 9. Qc2 Nbd7 10. Rd1 dxc4 11. Bxg6 hxg6 12. e4 Be7 13. Bf4 Re8 14. Bh2 a6 15.
Ng3 b5 16. Nf1 Qb6 17. Ne3 Bb4 18. a3 Bxc3 19. bxc3 e5 20. f3 Rad8 21. Kh1 exd4
22. cxd4 Nf8 23. Qb2 Qa7 24. Be5 Nh5 25. a4 f6 26. Bh2 f5 27. e5 f4 28. Ng4 Qd7
29. Nf2 Ng3+ 30. Kg1 Ne6 31. Bxg3 fxg3 32. Ne4 Nxd4 33. Nd6 Nf5 34. axb5 cxb5
35. Rxa6 Qe7 36. Rf1 Nxd6 37. exd6 Rxd6 38. Rxd6 Qxd6 39. Qxb5 Qd4+ 40. Kh1 Re5
41. Qb1 Qd3 42. Qb8+ Kh7 43. Rg1 Qe3 44. Qb4 Qd4 45. Rf1 Re2 46. Rg1 Rxg2 47.
Rxg2 Qd1+ 48. Rg1 Qxf3+ 49. Rg2 Qf1+ 0-1

[Event "KM WGP 2016"]
[Site "Khanty-Mansiysk RUS"]
[Date "2016.11.19"]
[Round "1.6"]
[White "Zhukova, Natalia"]
[Black "Ju, Wenjun"]
[Result "1/2-1/2"]
[WhiteTitle "GM"]
[BlackTitle "GM"]
[WhiteElo "2448"]
[BlackElo "2580"]
[WhiteFideId "14101513"]
[BlackFideId "8603006"]
[EventDate "2016.11.19"]

1. c4 Nf6 2. Nc3 e6 3. e4 d5 4. cxd5 exd5 5. e5 Ne4 6. Nf3 Nc6 7. Be2 Be7 8. O-O
O-O 9. d4 Bf5 10. Be3 Nxc3 11. bxc3 Qd7 12. Nd2 f6 13. f4 fxe5 14. fxe5 Na5 15.
Rf3 b6 16. a4 c5 17. h3 c4 18. Qe1 Qc6 19. Qg3 Qg6 20. Qh2 Nb3 21. Raf1 Nxd2 22.
Bxd2 Bc2 23. Rxf8+ Rxf8 24. Rxf8+ Bxf8 25. Bf3 Qe6 26. Bg4 Bf5 27. Qf4 Bxg4 28.
hxg4 g6 29. Qf3 Be7 30. g5 Kg7 31. g4 a5 32. Kg2 Qd7 33. Kh3 b5 34. axb5 a4 35.
b6 a3 36. e6 Qxe6 37. b7 Bd6 38. Bf4 a2 39. Bxd6 Qxd6 40. Qf6+ Qxf6 41. gxf6+
Kxf6 42. b8=Q a1=Q 43. Qe5+ Kf7 44. Qxd5+ Kg7 45. Qxc4 Qh1+ 46. Kg3 Qg1+ 47. Kf3
Qh1+ 48. Kg3 Qg1+ 49. Kf3 Qh1+ 1/2-1/2

[Event "KM WGP 2016"]
[Site "Khanty-Mansiysk RUS"]
[Date "2016.11.20"]
[Round "2.2"]
[White "Girya, Olga"]
[Black "Zhukova, Natalia"]
[Result "1/2-1/2"]
[WhiteTitle "WGM"]
[BlackTitle "GM"]
[WhiteElo "2450"]
[BlackElo "2448"]
[WhiteFideId "4195752"]
[BlackFideId "14101513"]
[EventDate "2016.11.19"]

1. d4 d5 2. c4 c6 3. Nc3 Nf6 4. e3 e6 5. Nf3 Nbd7 6. Qc2 Bd6 7. b3 O-O 8. Be2 b6
9. O-O Bb7 10. Bb2 Qe7 11. Rad1 Rfe8 12. Rfe1 Rac8 13. e4 dxe4 14. Nxe4 Nxe4 15.
Qxe4 Bb4 16. Rf1 Ba3 17. Ba1 Nf6 18. Qh4 c5 19. Ne5 cxd4 20. Rxd4 Rcd8 21. Rfd1
Bc5 22. Rxd8 Rxd8 23. Rxd8+ Qxd8 24. Ng4 Be7 25. Nxf6+ Bxf6 26. Bxf6 gxf6 27.
Qf4 e5 28. Qe3 Qd6 29. h4 Kg7 30. Bd3 h6 31. Qg3+ Kf8 32. Qe3 Kg7 33. Qg3+ Kf8
34. Qe3 1/2-1/2

[Event "KM WGP 2016"]
[Site "Khanty-Mansiysk RUS"]
[Date "2016.11.20"]
[Round "2.3"]
[White "Gunina, Valentina"]
[Black "Skripchenko, Almira"]
[Result "1-0"]
[WhiteTitle "GM"]
[BlackTitle "IM"]
[WhiteElo "2525"]
[BlackElo "2455"]
[WhiteFideId "4167570"]
[BlackFideId "13900145"]
[EventDate "2016.11.19"]

1. d4 d6 2. Nf3 Nf6 3. c4 g6 4. Nc3 Bg7 5. e4 O-O 6. Be2 e5 7. O-O Nbd7 8. Qc2
c6 9. Rd1 Qe7 10. Rb1 exd4 11. Nxd4 Re8 12. f3 Nh5 13. Bf1 Nc5 14. Be3 f5 15. b4
Ne6 16. Nb3 Nd8 17. Bf2 Nf7 18. c5 dxc5 19. bxc5 Qe5 20. Rd3 Qc7 21. Rbd1 Nf6
22. Bg3 f4 23. Bf2 Be6 24. Ne2 Rad8 25. Rxd8 Nxd8 26. Qd2 Nh5 27. Ned4 Bf7 28.
Qc1 Be5 29. Qa3 Qb8 30. Na5 Nf6 31. Rb1 Qa8 32. Bc4 Re7 33. Bxf7+ Nxf7 34. Nc4
Rd7 35. Nxe5 Nxe5 36. Qb3+ Rf7 37. Ne6 h6 38. Nxf4 Qe8 39. Rd1 Kh7 40. Ne2 g5
41. Rd6 Ng6 42. Nd4 Nh5 43. Rd8 Qe7 44. Nf5 Rxf5 45. Qg8# 1-0

[Event "KM WGP 2016"]
[Site "Khanty-Mansiysk RUS"]
[Date "2016.11.20"]
[Round "2.4"]
[White "Harika, Dronavalli"]
[Black "Batsiashvili, Nino"]
[Result "0-1"]
[WhiteTitle "GM"]
[BlackTitle "IM"]
[WhiteElo "2543"]
[BlackElo "2489"]
[WhiteFideId "5015197"]
[BlackFideId "13602993"]
[EventDate "2016.11.19"]

1. e4 e5 2. Nf3 Nc6 3. Bc4 Nf6 4. d3 Bc5 5. O-O d6 6. c3 a6 7. Re1 Ba7 8. Bb3
Ne7 9. Nbd2 O-O 10. Nf1 Ng6 11. Ng3 h6 12. h3 Re8 13. d4 exd4 14. cxd4 c5 15.
Be3 Be6 16. Bc2 Rc8 17. Qd2 Bb6 18. a3 cxd4 19. Nxd4 Ne5 20. Nxe6 Rxe6 21. Bxb6
Qxb6 22. b4 Nc4 23. Qd1 Rce8 24. Rf1 Re5 25. Kh1 d5 26. Bb3 Qc6 27. exd5 Rxd5
28. Qc2 b5 29. Rac1 Rd4 30. Nf5 Rde4 31. Ne3 Rc8 32. Bxc4 bxc4 33. Rfd1 g6 34.
Qc3 Nh5 35. Rd4 Nf4 36. Rxe4 Qxe4 37. f3 Qe6 38. Rf1 Ne2 39. Qd2 Ng3+ 40. Kg1
Nxf1 41. Kxf1 c3 42. Qd3 h5 43. g4 Qc6 44. Nc2 Qb5 45. Qxb5 axb5 46. Ke2 Rd8 47.
Ke3 Kg7 48. g5 h4 49. f4 Rd1 0-1

[Event "KM WGP 2016"]
[Site "Khanty-Mansiysk RUS"]
[Date "2016.11.20"]
[Round "2.5"]
[White "Javakhishvili, Lela"]
[Black "Ju, Wenjun"]
[Result "0-1"]
[WhiteTitle "IM"]
[BlackTitle "GM"]
[WhiteElo "2461"]
[BlackElo "2580"]
[WhiteFideId "13601458"]
[BlackFideId "8603006"]
[EventDate "2016.11.19"]

1. d4 Nf6 2. c4 e6 3. Nf3 d5 4. Nc3 Bb4 5. cxd5 exd5 6. Bf4 Ne4 7. Rc1 g5 8. Be3
f5 9. g3 Rf8 10. Bd2 Bxc3 11. Bxc3 Nc6 12. e3 f4 13. exf4 Qe7 14. Be2 gxf4 15.
O-O Bh3 16. Re1 fxg3 17. fxg3 O-O-O 18. Bf1 Qd7 19. Re3 Rf6 20. Bb5 Qf5 21. Be1
Rdf8 22. Be2 Qh5 23. b4 Ng5 24. Rcc3 Qg4 25. Rcd3 a6 26. a4 Nxd4 27. Rxd4 Nxf3+
28. Rxf3 Qxf3 29. Bxf3 Rxf3 30. Qxf3 Rxf3 31. Rf4 Rxf4 32. gxf4 b6 33. Kf2 Kd7
34. Ke3 Kd6 35. Bh4 Bd7 36. Bg3 Bf5 37. Bh4 c5 38. Bd8 d4+ 39. Kd2 Kc6 40. a5
cxb4 41. axb6 b3 42. Kc1 d3 43. b7 Kxb7 44. Ba5 Kc6 45. Kb2 Kb5 46. Bd2 Kc4 47.
h4 h5 48. Ba5 Kd4 49. Bd2 Ke4 50. Kxb3 Kf3 51. Kb2 Kg3 52. Be1+ Kxf4 53. Kc1 Ke4
54. Kb2 Kd4 55. Bd2 Kc4 56. Be1 Kb5 57. Kc3 a5 58. Bd2 a4 59. Bc1 Kc5 60. Ba3+
Kd5 61. Be7 Ke4 62. Bc5 Bg6 63. Kd2 Kd5 64. Ba3 Kc4 65. Be7 Kb3 66. Bf6 a3 67.
Kc1 Ka2 68. Bg5 Bf7 69. Bh6 Be6 70. Bg5 Kb3 71. Bf6 Bf5 72. Bg7 Bd7 73. Bf6 Ka2
74. Bg5 Bb5 75. Bh6 Kb3 76. Bg7 Kc4 77. Kd2 Kd5 78. Ke3 Ke6 79. Bc3 Kf5 80. Kf3
a2 81. Ke3 Kg4 82. Bf6 Kg3 83. Kd2 Kf3 84. Bc3 Kg4 85. Bf6 a1=Q 86. Bxa1 Kxh4
87. Ke3 Kg4 88. Bc3 h4 89. Bb4 Ba6 90. Ba5 h3 91. Bc7 Kf5 92. Bh2 Ke6 93. Bg3
Kd5 94. Bh2 Kc4 95. Be5 Bb5 96. Kf2 Kb3 0-1

[Event "KM WGP 2016"]
[Site "Khanty-Mansiysk RUS"]
[Date "2016.11.20"]
[Round "2.6"]
[White "Khotenashvili, Bela"]
[Black "Pogonina, Natalija"]
[Result "0-1"]
[WhiteTitle "GM"]
[BlackTitle "WGM"]
[WhiteElo "2426"]
[BlackElo "2492"]
[WhiteFideId "13602640"]
[BlackFideId "4147855"]
[EventDate "2016.11.19"]

1. Nf3 d5 2. g3 Bg4 3. Bg2 c6 4. d3 Nf6 5. O-O Nbd7 6. h3 Bh5 7. Qe1 e5 8. e4
Bd6 9. Nh4 O-O 10. Nf5 Bc7 11. a4 Bg6 12. Nh4 Re8 13. Bg5 dxe4 14. dxe4 Nf8 15.
Na3 Ne6 16. Rd1 Qe7 17. Nxg6 hxg6 18. Be3 Rad8 19. Qc3 Nd4 20. Qc4 a6 21. c3 b5
22. Qa2 Ne6 23. Nc2 a5 24. axb5 cxb5 25. Na3 Rb8 26. Rfe1 Red8 27. Rxd8+ Qxd8
28. Qb3 Qd7 29. Rd1 Qc6 30. Bf1 b4 31. cxb4 Rxb4 32. Qc3 Qb7 33. Nc4 Nxe4 34.
Qc2 Nf6 35. Bg2 Qb5 36. Nd6 Qb8 37. Nc4 Kh7 38. Rd2 Qb5 39. Na3 Qa6 40. Bf1 Qb7
41. Bg2 e4 42. Nc4 Qc6 43. Bf1 a4 44. Kh2 Nd7 45. Rxd7 Qxd7 46. Qxe4 Bd8 47. Bd2
Rxc4 0-1

[Event "KM WGP 2016"]
[Site "Khanty-Mansiysk RUS"]
[Date "2016.11.21"]
[Round "3.1"]
[White "Zhukova, Natalia"]
[Black "Khotenashvili, Bela"]
[Result "1/2-1/2"]
[WhiteTitle "GM"]
[BlackTitle "GM"]
[WhiteElo "2448"]
[BlackElo "2426"]
[WhiteFideId "14101513"]
[BlackFideId "13602640"]
[EventDate "2016.11.19"]

1. d4 d5 2. c4 e6 3. Nc3 Be7 4. Nf3 Nf6 5. Bf4 O-O 6. a3 b6 7. Qc2 c5 8. dxc5
bxc5 9. e3 Nc6 10. cxd5 exd5 11. Be2 d4 12. exd4 Nxd4 13. Nxd4 cxd4 14. Ne4 Bb7
15. Nxf6+ Bxf6 16. O-O Rc8 17. Qd2 Qb6 18. Rac1 Be4 19. Bc4 d3 20. b4 Qd4 21.
Be3 Qb2 22. Qxb2 Bxb2 23. Rb1 Bxa3 24. Ba6 Rb8 25. Rb3 Bxb4 26. Bxa7 Ra8 27.
Rxb4 Rxa7 28. Rxe4 Rxa6 29. Rd4 Ra3 30. Rd1 Rb8 31. g3 h5 1/2-1/2

[Event "KM WGP 2016"]
[Site "Khanty-Mansiysk RUS"]
[Date "2016.11.21"]
[Round "3.2"]
[White "Ju, Wenjun"]
[Black "Girya, Olga"]
[Result "1/2-1/2"]
[WhiteTitle "GM"]
[BlackTitle "WGM"]
[WhiteElo "2580"]
[BlackElo "2450"]
[WhiteFideId "8603006"]
[BlackFideId "4195752"]
[EventDate "2016.11.19"]

1. d4 d5 2. c4 c6 3. Nf3 Nf6 4. e3 Bg4 5. h3 Bh5 6. g4 Bg6 7. Ne5 Nbd7 8. Nxg6
hxg6 9. Qb3 e6 10. Bg2 Qb6 11. Nc3 g5 12. Bd2 Be7 13. O-O-O a5 14. Qxb6 Nxb6 15.
cxd5 Nfxd5 16. Bf1 a4 17. a3 Nxc3 18. Bxc3 Nd5 19. Bd2 O-O-O 20. Bg2 Kb8 21. Kb1
Rd7 22. Bf3 Rh6 23. Bg2 Rh8 24. Bf3 Rh6 25. Bg2 Rh8 26. Bf3 Rh6 27. Bg2 1/2-1/2

[Event "KM WGP 2016"]
[Site "Khanty-Mansiysk RUS"]
[Date "2016.11.21"]
[Round "3.3"]
[White "Batsiashvili, Nino"]
[Black "Kosteniuk, Alexandra"]
[Result "1-0"]
[WhiteTitle "IM"]
[BlackTitle "GM"]
[WhiteElo "2489"]
[BlackElo "2555"]
[WhiteFideId "13602993"]
[BlackFideId "4128125"]
[EventDate "2016.11.19"]

1. d4 Nf6 2. c4 e6 3. Nc3 Bb4 4. Qc2 d5 5. cxd5 exd5 6. Bf4 c6 7. h3 Ne4 8. e3
Qa5 9. Ne2 Bf5 10. Qc1 Nd7 11. a3 Be7 12. b4 Qd8 13. Nxe4 Bxe4 14. Nc3 Bg6 15.
Be2 O-O 16. O-O b5 17. e4 Nb6 18. exd5 Nxd5 19. Nxd5 Qxd5 20. Qe3 Be4 21. Rfe1
Bf6 22. Be5 Bxg2 23. Rac1 Bxe5 24. dxe5 Rfe8 25. Bg4 f6 26. e6 f5 27. Rc5 Qd6
28. Kxg2 fxg4 29. hxg4 a5 30. Qe4 axb4 31. Rxc6 Qd2 32. axb4 Ra7 33. Re2 Qd1 34.
Re1 Qd2 35. Rc2 Qd6 36. Qc6 Qxc6+ 37. Rxc6 Rb7 38. f4 Kf8 39. f5 h6 40. Kf3 Rd8
41. Ke4 Ke7 42. Ke5 Ra8 43. Rec1 Kd8 44. Kd6 Rab8 45. e7+ Ke8 46. Rc8+ 1-0

[Event "KM WGP 2016"]
[Site "Khanty-Mansiysk RUS"]
[Date "2016.11.21"]
[Round "3.4"]
[White "Khademalsharieh, Sarasadat"]
[Black "Gunina, Valentina"]
[Result "1-0"]
[WhiteTitle "IM"]
[BlackTitle "GM"]
[WhiteElo "2435"]
[BlackElo "2525"]
[WhiteFideId "12512214"]
[BlackFideId "4167570"]
[EventDate "2016.11.19"]

1. d4 Nf6 2. c4 e6 3. Nf3 b6 4. g3 Bb7 5. Bg2 Be7 6. Nc3 O-O 7. Qc2 c5 8. d5
exd5 9. Nh4 Nc6 10. cxd5 Nb4 11. Qd1 d6 12. Nf5 Re8 13. Nxe7+ Qxe7 14. O-O Qe5
15. Bf4 Qd4 16. Qc1 Nh5 17. Rd1 Qf6 18. Ne4 Qg6 19. Nxd6 Rxe2 20. Nxb7 Rae8 21.
d6 Nd3 22. Rxd3 Qxd3 23. Bf1 Nxf4 24. gxf4 Qg6+ 25. Bg2 Qg4 26. h3 Qf5 27. b4
cxb4 28. Qf1 h5 29. Rd1 Qd7 30. Bf3 Rxa2 31. Qc4 Qxh3 32. d7 Rd8 33. Qxa2 Qxf3
34. Qd5 Qg4+ 35. Kf1 Qh3+ 36. Ke1 Qc3+ 37. Ke2 Qc2+ 38. Kf3 Qc3+ 39. Rd3 Rxd7
40. Qxd7 Qe1 41. Qc8+ Kh7 42. Qf5+ Kh6 43. Qg5+ 1-0

[Event "KM WGP 2016"]
[Site "Khanty-Mansiysk RUS"]
[Date "2016.11.21"]
[Round "3.5"]
[White "Pogonina, Natalija"]
[Black "Harika, Dronavalli"]
[Result "1/2-1/2"]
[WhiteTitle "WGM"]
[BlackTitle "GM"]
[WhiteElo "2492"]
[BlackElo "2543"]
[WhiteFideId "4147855"]
[BlackFideId "5015197"]
[EventDate "2016.11.19"]

1. d4 d5 2. c4 c6 3. e3 Nf6 4. Nc3 e6 5. Nf3 Nbd7 6. Qc2 Bd6 7. Bd3 O-O 8. O-O
dxc4 9. Bxc4 b5 10. Be2 Qe7 11. b3 Bb7 12. Bb2 a6 13. a4 Rac8 14. Rfd1 Rfd8 15.
Ne4 Nxe4 16. Qxe4 Ba8 17. Qg4 f5 18. Qh4 Qxh4 19. Nxh4 Bb7 20. Nf3 Kf7 21. e4
Be7 22. exf5 exf5 23. Kf1 Bf6 24. Rab1 g6 25. Bc3 Kg7 26. Ne5 c5 27. Ba5 cxd4
28. Bxd8 Bxe5 29. Ba5 Nc5 30. axb5 axb5 31. Bxb5 Rb8 32. Bc4 Be4 33. Rbc1 Nxb3
34. Bxb3 Rxb3 35. Bc7 Bf6 36. Rc5 Bd3+ 37. Ke1 Be7 38. Be5+ Kf7 39. Bxd4 Bxc5
40. Bxc5 Rb1 41. Rxb1 1/2-1/2

[Event "KM WGP 2016"]
[Site "Khanty-Mansiysk RUS"]
[Date "2016.11.21"]
[Round "3.6"]
[White "Skripchenko, Almira"]
[Black "Javakhishvili, Lela"]
[Result "1/2-1/2"]
[WhiteTitle "IM"]
[BlackTitle "IM"]
[WhiteElo "2455"]
[BlackElo "2461"]
[WhiteFideId "13900145"]
[BlackFideId "13601458"]
[EventDate "2016.11.19"]

1. e4 c5 2. Nf3 Nc6 3. Bb5 Nf6 4. Nc3 Qc7 5. O-O Nd4 6. Bc4 e6 7. h3 a6 8. a4
Nxe4 9. Nxe4 d5 10. d3 Be7 11. Nxd4 cxd4 12. Bxd5 exd5 13. Nd2 O-O 14. Nf3 Bf6
15. b3 Bd7 16. Bb2 Rfc8 17. Nxd4 Qc5 18. c3 Bxd4 19. cxd4 Qc2 20. Ba3 Qxd1 21.
Rfxd1 Rc3 22. Rab1 Bxa4 23. bxa4 Rxa3 24. Ra1 Rb3 25. Rab1 Ra3 26. Ra1 Rb3 27.
Rab1 Ra3 1/2-1/2

[Event "KM WGP 2016"]
[Site "Khanty-Mansiysk RUS"]
[Date "2016.11.22"]
[Round "4.1"]
[White "Gunina, Valentina"]
[Black "Batsiashvili, Nino"]
[Result "1-0"]
[WhiteTitle "GM"]
[BlackTitle "IM"]
[WhiteElo "2525"]
[BlackElo "2489"]
[WhiteFideId "4167570"]
[BlackFideId "13602993"]
[EventDate "2016.11.19"]

1. d4 Nf6 2. c4 e6 3. Nf3 Bb4+ 4. Bd2 Qe7 5. g3 Bxd2+ 6. Qxd2 Nc6 7. e3 d5 8.
Bg2 dxc4 9. O-O O-O 10. Na3 Rd8 11. Qc3 Nd5 12. Qxc4 e5 13. Nxe5 Nxe5 14. dxe5
Qxe5 15. Rad1 Be6 16. Qb5 a6 17. Qxb7 Rab8 18. Nc4 Qh5 19. Qxa6 Nb4 20. Rxd8+
Rxd8 21. Qa7 Qe2 22. Ne5 Qxb2 23. Qxc7 Rc8 24. Rd1 g6 25. Rd8+ Rxd8 26. Qxd8+
Kg7 27. Nd7 h5 28. Be4 Nd5 29. h4 Qc1+ 30. Kh2 Qb2 31. Kg1 Qc1+ 32. Kg2 Qc4 33.
Qf8+ Kh7 34. Nc5 Nc3 35. Bf3 Qxa2 36. Qd6 Qc4 37. Nxe6 Qxe6 38. Qxe6 fxe6 39.
Bc6 Kg7 40. Kf1 Na2 41. Ke2 Kf6 42. Kd2 Nb4 43. Bb7 Kf5 44. Kc3 Na2+ 45. Kc4 Nc1
46. Bf3 e5 47. Kd5 Nb3 48. Be4+ Kf6 49. f4 exf4 50. gxf4 Nc1 51. Bf3 Nd3 52. Kd4
Nb4 53. Bb7 Kf5 54. Be4+ Kf6 55. Kc5 Na2 56. Bd3 Nc3 57. e4 Ke6 58. e5 Na4+ 59.
Kb5 Nc3+ 60. Kc6 Nd1 61. Bxg6 Nf2 62. Bxh5 Nd3 63. Bg4+ Ke7 64. Bf5 Nxf4 65. Kc5
Kf7 66. Kd4 Ne2+ 67. Kd3 Nf4+ 68. Ke4 Ne2 69. Bg4 Nc3+ 70. Kd4 Nb5+ 71. Kc5 Nc7
72. h5 Kg7 73. Bd7 Na6+ 74. Kd6 Nb4 75. e6 1-0

[Event "KM WGP 2016"]
[Site "Khanty-Mansiysk RUS"]
[Date "2016.11.22"]
[Round "4.3"]
[White "Skripchenko, Almira"]
[Black "Khademalsharieh, Sarasadat"]
[Result "1/2-1/2"]
[WhiteTitle "IM"]
[BlackTitle "IM"]
[WhiteElo "2455"]
[BlackElo "2435"]
[WhiteFideId "13900145"]
[BlackFideId "12512214"]
[EventDate "2016.11.19"]

1. e4 e5 2. Nf3 Nc6 3. Bc4 Bc5 4. O-O Nf6 5. d3 d6 6. a4 a6 7. c3 h6 8. Na3 O-O
9. Re1 Re8 10. Nc2 Ba7 11. Be3 Be6 12. Bxe6 Rxe6 13. Bxa7 Rxa7 14. Ne3 Ra8 15.
b4 d5 16. Qc2 Qd7 17. exd5 Nxd5 18. Nc4 Nf4 19. Ncxe5 Nxe5 20. Rxe5 Rxe5 21.
Nxe5 Qd5 22. Nf3 Qxd3 23. Qxd3 Nxd3 24. Rd1 Nf4 25. Kf1 Re8 26. a5 Kf8 27. g3
Ne6 28. Nd4 Nxd4 29. Rxd4 Re6 30. Rd8+ Ke7 1/2-1/2

[Event "KM WGP 2016"]
[Site "Khanty-Mansiysk RUS"]
[Date "2016.11.22"]
[Round "4.4"]
[White "Javakhishvili, Lela"]
[Black "Girya, Olga"]
[Result "0-1"]
[WhiteTitle "IM"]
[BlackTitle "WGM"]
[WhiteElo "2461"]
[BlackElo "2450"]
[WhiteFideId "13601458"]
[BlackFideId "4195752"]
[EventDate "2016.11.19"]

1. Nf3 d5 2. e3 Nf6 3. b3 Bg4 4. Bb2 e6 5. h3 Bh5 6. g4 Bg6 7. Ne5 Nbd7 8. Nxg6
hxg6 9. Bg2 c6 10. c4 Nc5 11. O-O Nd3 12. Bc3 dxc4 13. bxc4 Bc5 14. a4 e5 15.
Qf3 Qe7 16. Ba5 e4 17. Qe2 Ne5 18. Nc3 b6 19. g5 Nf3+ 20. Bxf3 exf3 21. Qxf3 Nd7
22. Qxc6 Qxg5+ 23. Kh2 Rd8 24. d4 Qh5 25. Qe4+ Be7 26. Kg1 Qxh3 27. Rfb1 Rh4 28.
f4 Rg4+ 29. Kf2 Qh2+ 0-1

[Event "KM WGP 2016"]
[Site "Khanty-Mansiysk RUS"]
[Date "2016.11.22"]
[Round "4.5"]
[White "Khotenashvili, Bela"]
[Black "Ju, Wenjun"]
[Result "1/2-1/2"]
[WhiteTitle "GM"]
[BlackTitle "GM"]
[WhiteElo "2426"]
[BlackElo "2580"]
[WhiteFideId "13602640"]
[BlackFideId "8603006"]
[EventDate "2016.11.19"]

1. d4 Nf6 2. c4 e6 3. Nf3 d5 4. g3 Bb4+ 5. Bd2 Be7 6. Bg2 O-O 7. O-O c6 8. Qc2
b6 9. Bf4 Nbd7 10. Rd1 Ba6 11. Ne5 Rc8 12. Nc3 Bxc4 13. Nxc4 dxc4 14. e4 Re8 15.
a4 a6 16. Bh3 h6 17. Be3 Bb4 18. Na2 Be7 19. Nc3 Bb4 20. Na2 Be7 21. Nc3 1/2-1/2

[Event "KM WGP 2016"]
[Site "Khanty-Mansiysk RUS"]
[Date "2016.11.22"]
[Round "4.6"]
[White "Harika, Dronavalli"]
[Black "Zhukova, Natalia"]
[Result "1-0"]
[WhiteTitle "GM"]
[BlackTitle "GM"]
[WhiteElo "2543"]
[BlackElo "2448"]
[WhiteFideId "5015197"]
[BlackFideId "14101513"]
[EventDate "2016.11.19"]

1. e4 e6 2. d4 d5 3. Nd2 Be7 4. Ngf3 Nf6 5. e5 Nfd7 6. Bd3 c5 7. c3 b6 8. O-O
Ba6 9. Ne1 Bxd3 10. Nxd3 Nc6 11. Qg4 g6 12. Nf3 h5 13. Qg3 Qc7 14. Bd2 O-O-O 15.
Rac1 Kb7 16. h4 Rc8 17. Rfd1 Ka8 18. Be3 cxd4 19. cxd4 Qb7 20. Bg5 Bxg5 21. Qxg5
Rc7 22. Rc3 Rhc8 23. Rdc1 a5 24. Kh2 Ka7 25. a3 b5 26. Kh3 Nb6 27. b3 Ne7 28.
Nc5 Qb8 29. R3c2 Na8 30. Qd2 Qb6 31. Ng5 Nf5 32. Qd3 Qb8 33. a4 Qb6 34. axb5 1-0

[Event "KM WGP 2016"]
[Site "Khanty-Mansiysk RUS"]
[Date "2016.11.24"]
[Round "5.1"]
[White "Ju, Wenjun"]
[Black "Harika, Dronavalli"]
[Result "1/2-1/2"]
[WhiteTitle "GM"]
[BlackTitle "GM"]
[WhiteElo "2580"]
[BlackElo "2543"]
[WhiteFideId "8603006"]
[BlackFideId "5015197"]
[EventDate "2016.11.19"]

1. d4 d5 2. c4 e6 3. Nf3 Nf6 4. g3 dxc4 5. Bg2 Bd7 6. Ne5 Bc6 7. Nxc6 Nxc6 8. e3
Qd7 9. O-O Rd8 10. Nc3 Be7 11. Qa4 Nb4 12. Bxb7 Qxa4 13. Nxa4 Rb8 14. Bg2 Nc2
15. Rb1 Na3 16. Ra1 Nc2 17. Rb1 Na3 18. Ra1 Nc2 19. Rb1 1/2-1/2

[Event "KM WGP 2016"]
[Site "Khanty-Mansiysk RUS"]
[Date "2016.11.24"]
[Round "5.3"]
[White "Khademalsharieh, Sarasadat"]
[Black "Javakhishvili, Lela"]
[Result "1/2-1/2"]
[WhiteTitle "IM"]
[BlackTitle "IM"]
[WhiteElo "2435"]
[BlackElo "2461"]
[WhiteFideId "12512214"]
[BlackFideId "13601458"]
[EventDate "2016.11.19"]

1. d4 Nf6 2. c4 e6 3. Nf3 d5 4. Nc3 Be7 5. Bf4 O-O 6. e3 Nbd7 7. c5 Ne4 8. a3
Nxc3 9. bxc3 c6 10. Qa4 f5 11. h3 Bf6 12. Bd6 Be7 13. Bg3 Bf6 14. Bd3 Re8 15.
O-O e5 16. Nxe5 Bxe5 17. Bxe5 Nxe5 18. dxe5 Rxe5 19. Qd4 Re7 20. Rfb1 Be6 21. a4
Qc7 22. Rb4 Rd8 23. a5 a6 24. h4 Bc8 25. Qf4 Qxf4 26. Rxf4 g6 27. Rb1 Kg7 28.
Kf1 h6 29. Rd4 Kf6 30. Ke2 Rg7 31. Kd2 Re7 32. Kc2 Be6 33. Rd1 Rdd7 34. Be2 g5
35. g3 Ke5 36. Rh1 Rh7 37. Bd3 g4 38. Rd1 Rhe7 39. Bf1 Re8 40. Bg2 1/2-1/2